[Event "Team Championship (men blitz)"]
[Site "Sochi"]
[Date "2017.10.05"]
[Round "3.25"]
[White "Tsoi, Dmitry"]
[Black "Moskalenko, Alexander"]
[Result "1-0"]
[LiveChessVersion "1.4.8"]
[BlackElo "2580"]
[WhiteElo "2357"]

1. e4 {[%clk 0:03:03]} c6 {[%clk 0:03:03]} 2. d4 {[%clk 0:03:04]} d5
{[%clk 0:03:04]} 3. Nc3 {[%clk 0:03:05]} dxe4 {[%clk 0:03:03]} 4. Nxe4
{[%clk 0:03:06]} Nf6 {[%clk 0:03:03]} 5. Nxf6+ {[%clk 0:03:06]} gxf6
{[%clk 0:03:02]} 6. g3 {[%clk 0:03:00]} Qd5 {[%clk 0:03:01]} 7. Nf3
{[%clk 0:02:59]} Bg4 {[%clk 0:03:02]} 8. Bg2 {[%clk 0:03:00]} Qe6+
{[%clk 0:03:00]} 9. Qe2 {[%clk 0:02:59]} Qxe2+ {[%clk 0:03:00]} 10. Kxe2
{[%clk 0:03:00]} Nd7 {[%clk 0:02:49]} 11. h3 {[%clk 0:02:58]} Bf5
{[%clk 0:02:50]} 12. c3 {[%clk 0:02:57]} Be4 {[%clk 0:02:52]} 13. Nh4
{[%clk 0:02:54]} Bxg2 {[%clk 0:02:51]} 14. Nxg2 {[%clk 0:02:54]} O-O-O
{[%clk 0:02:49]} 15. Be3 {[%clk 0:02:53]} e6 {[%clk 0:02:49]} 16. Rac1
{[%clk 0:02:43]} h5 {[%clk 0:02:48]} 17. h4 {[%clk 0:02:44]} f5 {[%clk 0:02:45]}
18. Rhd1 {[%clk 0:02:39]} Bh6 {[%clk 0:02:39]} 19. Bf4 Nf6 20. Be5
{[%clk 0:02:30]} Nd7 {[%clk 0:02:15]} 21. Bxh8 {[%clk 0:02:23]} Bxc1
{[%clk 0:02:15]} 22. Rxc1 {[%clk 0:02:24]} Rxh8 {[%clk 0:02:16]} 23. Nf4
{[%clk 0:02:24]} Nf6 {[%clk 0:02:12]} 24. Re1 {[%clk 0:02:17]} Nd5
{[%clk 0:02:05]} 25. Nd3 {[%clk 0:02:17]} Kd8 {[%clk 0:01:57]} 26. Kf3
{[%clk 0:02:17]} Ke7 {[%clk 0:01:56]} 27. a4 {[%clk 0:02:11]} Rc8
{[%clk 0:01:44]} 28. a5 {[%clk 0:02:05]} Nf6 {[%clk 0:01:37]} 29. Nf4 Kd6
{[%clk 0:01:32]} 30. Nd3 {[%clk 0:01:51]} Ke7 {[%clk 0:01:32]} 31. Ra1
{[%clk 0:01:49]} Nd5 {[%clk 0:01:13]} 32. Ra3 {[%clk 0:01:49]} Rb8
{[%clk 0:01:03]} 33. Ne5 {[%clk 0:01:47]} f6 {[%clk 0:00:53]} 34. Nd3
{[%clk 0:01:48]} Kd6 {[%clk 0:00:47]} 35. Ra1 {[%clk 0:01:46]} e5
{[%clk 0:00:48]} 36. Nc5 {[%clk 0:01:29]} e4+ {[%clk 0:00:46]} 37. Ke2
{[%clk 0:01:28]} b6 {[%clk 0:00:41]} 38. axb6 {[%clk 0:01:27]} axb6
{[%clk 0:00:42]} 39. Nb3 {[%clk 0:01:28]} Re8 {[%clk 0:00:36]} 40. c4
{[%clk 0:01:21]} Nb4 {[%clk 0:00:34]} 41. Ra7 {[%clk 0:01:15]} Nd3
{[%clk 0:00:33]} 42. Rf7 {[%clk 0:01:04]} Ke6 {[%clk 0:00:34]} 43. Rc7
{[%clk 0:01:05]} Kd6 {[%clk 0:00:35]} 44. Rf7 {[%clk 0:01:05]} Ke6
{[%clk 0:00:37]} 45. Rb7 {[%clk 0:00:59]} f4 {[%clk 0:00:27]} 46. Rxb6
{[%clk 0:00:54]} Kf5 {[%clk 0:00:21]} 47. Nc5 {[%clk 0:00:39]} Nxc5
{[%clk 0:00:12]} 48. dxc5 {[%clk 0:00:40]} f3+ {[%clk 0:00:10]} 49. Ke1
{[%clk 0:00:35]} e3 {[%clk 0:00:10]} 50. Rb3 {[%clk 0:00:27]} exf2+
{[%clk 0:00:05]} 51. Kxf2 {[%clk 0:00:27]} Kg4 {[%clk 0:00:04]} 52. Rxf3
{[%clk 0:00:27]} Rb8 {[%clk 0:00:05]} 53. b3 {[%clk 0:00:26]} Rd8
{[%clk 0:00:06]} 54. Rf4+ {[%clk 0:00:25]} Kh3 {[%clk 0:00:07]} 55. Rxf6
{[%clk 0:00:22]} Rd3 {[%clk 0:00:09]} 56. b4 {[%clk 0:00:20]} Rc3
{[%clk 0:00:10]} 57. Rxc6 {[%clk 0:00:17]} Rxc4 {[%clk 0:00:11]} 58. b5
{[%clk 0:00:18]} Rc2+ {[%clk 0:00:12]} 59. Kf3 {[%clk 0:00:19]} Rc3+
{[%clk 0:00:14]} 60. Kf4 {[%clk 0:00:21]} Rxg3 {[%clk 0:00:11]} 61. b6
{[%clk 0:00:21]} Rb3 {[%clk 0:00:06]} 62. Kg5 {[%clk 0:00:22]} Kg3
{[%clk 0:00:04]} 63. Rc7 {[%clk 0:00:19]} Rb5 {[%clk 0:00:05]} 64. Kxh5
{[%clk 0:00:20]} Kf4 {[%clk 0:00:06]} 65. Kg6 {[%clk 0:00:21]} Ke5
{[%clk 0:00:07]} 66. h5 {[%clk 0:00:21]} Rb1 {[%clk 0:00:08]} 67. b7
{[%clk 0:00:21]} Ke6 {[%clk 0:00:08]} 68. Rc6+ 1-0

[Event "Team Championship (men blitz)"]
[Site "Sochi"]
[Date "2017.10.05"]
[Round "3.26"]
[White "Oganian, Miran"]
[Black "Murzin, Volodar"]
[Result "1/2-1/2"]
[LiveChessVersion "1.4.8"]
[BlackElo "2268"]
[WhiteElo "2496"]

1. d4 {[%clk 0:03:03]} Nf6 {[%clk 0:03:03]} 2. c4 {[%clk 0:03:04]} g6
{[%clk 0:03:05]} 3. Nc3 {[%clk 0:03:05]} Bg7 {[%clk 0:03:06]} 4. e4
{[%clk 0:03:07]} d6 {[%clk 0:03:07]} 5. Nf3 {[%clk 0:03:08]} O-O {[%clk 0:03:07]}
6. Be2 {[%clk 0:03:09]} e5 7. Be3 Ng4 {[%clk 0:03:08]} 8. Bg5 {[%clk 0:03:11]} f6
{[%clk 0:03:09]} 9. Bh4 {[%clk 0:03:13]} Nc6 {[%clk 0:03:02]} 10. d5
{[%clk 0:03:14]} Ne7 {[%clk 0:03:02]} 11. Nd2 {[%clk 0:03:15]} Nh6
{[%clk 0:03:02]} 12. f3 {[%clk 0:03:15]} g5 {[%clk 0:02:58]} 13. Bf2
{[%clk 0:03:15]} f5 {[%clk 0:02:58]} 14. exf5 {[%clk 0:03:05]} Nhxf5
{[%clk 0:02:55]} 15. Nde4 {[%clk 0:03:02]} Ng6 {[%clk 0:02:56]} 16. O-O
{[%clk 0:02:57]} Nf4 {[%clk 0:02:51]} 17. Kh1 {[%clk 0:02:46]} Nd4
{[%clk 0:02:41]} 18. Re1 {[%clk 0:02:14]} g4 {[%clk 0:02:04]} 19. Bf1
{[%clk 0:01:36]} gxf3 {[%clk 0:01:58]} 20. gxf3 {[%clk 0:01:35]} Nh3
{[%clk 0:01:48]} 21. Bxd4 {[%clk 0:01:30]} exd4 {[%clk 0:01:48]} 22. Nb5
{[%clk 0:01:31]} Nf4 {[%clk 0:01:12]} 23. Nxd4 {[%clk 0:01:26]} Be5
{[%clk 0:01:11]} 24. Ne2 {[%clk 0:00:56]} Nh5 {[%clk 0:00:50]} 25. Qd2
{[%clk 0:00:51]} Qh4 {[%clk 0:00:36]} 26. Qg5+ {[%clk 0:00:30]} Qxg5
{[%clk 0:00:37]} 27. Nxg5 {[%clk 0:00:31]} Bf5 {[%clk 0:00:25]} 28. Nc3 Rae8
{[%clk 0:00:21]} 29. Rad1 {[%clk 0:00:13]} Nf4 {[%clk 0:00:19]} 30. Nge4
{[%clk 0:00:12]} b6 {[%clk 0:00:17]} 31. Rd2 {[%clk 0:00:13]} Kh8
{[%clk 0:00:17]} 32. Red1 {[%clk 0:00:11]} a6 {[%clk 0:00:16]} 33. Ng3
{[%clk 0:00:12]} Bg6 {[%clk 0:00:16]} 34. Nce4 {[%clk 0:00:13]} Nh5
{[%clk 0:00:15]} 35. Bg2 {[%clk 0:00:08]} Nxg3+ {[%clk 0:00:13]} 36. Nxg3
{[%clk 0:00:09]} Bf4 {[%clk 0:00:14]} 37. Re2 {[%clk 0:00:08]} Rxe2
{[%clk 0:00:11]} 38. Nxe2 {[%clk 0:00:09]} Be5 {[%clk 0:00:12]} 39. b3
{[%clk 0:00:10]} Re8 {[%clk 0:00:12]} 40. Ng3 {[%clk 0:00:08]} Kg7
{[%clk 0:00:08]} 41. Ne4 {[%clk 0:00:09]} Bxe4 {[%clk 0:00:07]} 42. fxe4
{[%clk 0:00:11]} Rf8 {[%clk 0:00:09]} 43. Rf1 {[%clk 0:00:04]} Rxf1+ 44. Bxf1 a5
{[%clk 0:00:10]} 1/2-1/2

[Event "Team Championship (men blitz)"]
[Site "Sochi"]
[Date "2017.10.05"]
[Round "3.27"]
[White "Poliakov, Artem"]
[Black "Vastrukhin, Oleg"]
[Result "0-1"]
[LiveChessVersion "1.4.8"]
[BlackElo "2424"]
[WhiteElo "2185"]

1. c4 {[%clk 0:03:03]} g6 {[%clk 0:03:03]} 2. Nc3 {[%clk 0:03:04]} Bg7
{[%clk 0:03:04]} 3. d4 {[%clk 0:03:05]} c5 {[%clk 0:03:06]} 4. d5
{[%clk 0:03:05]} Bxc3+ {[%clk 0:03:06]} 5. bxc3 {[%clk 0:03:07]} f5
{[%clk 0:03:07]} 6. e4 {[%clk 0:03:03]} fxe4 {[%clk 0:03:08]} 7. h4
{[%clk 0:03:02]} Nf6 {[%clk 0:03:09]} 8. h5 {[%clk 0:03:03]} Rg8 {[%clk 0:03:10]}
9. hxg6 {[%clk 0:03:03]} hxg6 {[%clk 0:03:11]} 10. Nh3 {[%clk 0:03:03]} Qa5
{[%clk 0:03:12]} 11. Bd2 {[%clk 0:03:01]} d6 {[%clk 0:03:12]} 12. Ng5
{[%clk 0:03:02]} Nbd7 {[%clk 0:03:13]} 13. Rh4 {[%clk 0:02:19]} e3
{[%clk 0:02:50]} 14. fxe3 {[%clk 0:02:17]} Ne5 {[%clk 0:02:50]} 15. Nf3
{[%clk 0:02:08]} g5 {[%clk 0:02:35]} 16. Rh1 {[%clk 0:02:03]} Bg4
{[%clk 0:02:14]} 17. Be2 {[%clk 0:02:03]} Bxf3 {[%clk 0:02:15]} 18. gxf3
{[%clk 0:01:59]} O-O-O {[%clk 0:02:15]} 19. Qc2 {[%clk 0:01:44]} g4
{[%clk 0:02:13]} 20. f4 {[%clk 0:01:17]} Nf3+ {[%clk 0:02:09]} 21. Bxf3
{[%clk 0:01:09]} gxf3 {[%clk 0:02:10]} 22. O-O-O {[%clk 0:01:06]} Qa6
{[%clk 0:02:03]} 23. Qb3 {[%clk 0:00:46]} Ne4 {[%clk 0:02:03]} 24. Rhf1
{[%clk 0:00:47]} f2 {[%clk 0:02:01]} 25. Kc2 {[%clk 0:00:44]} Rg2
{[%clk 0:01:56]} 26. Kd3 {[%clk 0:00:31]} Ng3 {[%clk 0:01:56]} 27. Qb2
{[%clk 0:00:15]} e6 {[%clk 0:01:54]} 28. e4 {[%clk 0:00:07]} exd5
{[%clk 0:01:44]} 29. exd5 {[%clk 0:00:08]} Nxf1 {[%clk 0:01:43]} 30. Rxf1
{[%clk 0:00:09]} Rg3+ {[%clk 0:01:44]} 31. Kc2 {[%clk 0:00:05]} Qxc4
{[%clk 0:01:42]} 32. Qc1 {[%clk 0:00:03]} Qxa2+ {[%clk 0:01:38]} 33. Kd1
{[%clk 0:00:04]} Rg1 {[%clk 0:01:37]} 34. Ke2 {[%clk 0:00:05]} Rdg8
{[%clk 0:01:28]} 35. Kf3 {[%clk 0:00:03]} Qc4 {[%clk 0:01:26]} 36. Kxf2 0-1

[Event "Team Championship (men blitz)"]
[Site "Sochi"]
[Date "2017.10.05"]
[Round "3.28"]
[White "Gochelashvili, David"]
[Black "Maltsevskaya, Aleksandra"]
[Result "0-1"]
[LiveChessVersion "1.4.8"]
[BlackElo "2203"]
[WhiteElo "2440"]

1. d4 {[%clk 0:03:03]} Nf6 {[%clk 0:03:03]} 2. Bf4 {[%clk 0:03:04]} g6
{[%clk 0:03:02]} 3. Nf3 {[%clk 0:03:05]} Bg7 {[%clk 0:03:03]} 4. h3
{[%clk 0:03:04]} O-O {[%clk 0:03:02]} 5. Nbd2 {[%clk 0:03:05]} d6
{[%clk 0:03:01]} 6. e3 {[%clk 0:03:05]} b6 {[%clk 0:03:01]} 7. Bd3
{[%clk 0:02:55]} Bb7 {[%clk 0:03:01]} 8. O-O {[%clk 0:02:55]} Nbd7
{[%clk 0:03:01]} 9. Bh2 {[%clk 0:02:55]} Re8 {[%clk 0:02:57]} 10. Qe2
{[%clk 0:02:45]} e5 {[%clk 0:02:46]} 11. Ba6 {[%clk 0:02:35]} Qc8
{[%clk 0:02:26]} 12. Bxb7 {[%clk 0:02:35]} Qxb7 {[%clk 0:02:27]} 13. c3
{[%clk 0:02:15]} e4 {[%clk 0:01:20]} 14. Ne1 {[%clk 0:02:14]} d5 {[%clk 0:01:17]}
15. Nc2 {[%clk 0:02:08]} c5 {[%clk 0:01:00]} 16. Rab1 {[%clk 0:01:13]} Rac8
{[%clk 0:00:52]} 17. Rfd1 {[%clk 0:01:13]} h5 {[%clk 0:00:41]} 18. Bf4
{[%clk 0:01:11]} c4 {[%clk 0:00:18]} 19. b3 {[%clk 0:00:58]} cxb3
{[%clk 0:00:16]} 20. Rxb3 {[%clk 0:00:57]} Re6 {[%clk 0:00:09]} 21. c4
{[%clk 0:00:51]} dxc4 {[%clk 0:00:05]} 22. Nxc4 {[%clk 0:00:52]} Qa6
{[%clk 0:00:04]} 23. N2a3 {[%clk 0:00:53]} Nd5 {[%clk 0:00:04]} 24. Bg3
{[%clk 0:00:42]} Rec6 {[%clk 0:00:05]} 25. Rb5 {[%clk 0:00:10]} N7f6
{[%clk 0:00:03]} 26. Be5 {[%clk 0:00:11]} Bf8 {[%clk 0:00:04]} 27. Bxf6
{[%clk 0:00:09]} Nxf6 {[%clk 0:00:05]} 28. d5 {[%clk 0:00:08]} Rxc4
{[%clk 0:00:06]} 29. d6 {[%clk 0:00:05]} Rc1 {[%clk 0:00:06]} 30. d7
{[%clk 0:00:05]} Nxd7 {[%clk 0:00:06]} 31. Kh2 Rxd1 {[%clk 0:00:05]} 32. Qxd1
{[%clk 0:00:04]} Nf6 {[%clk 0:00:05]} 33. Qd4 {[%clk 0:00:04]} Bg7
{[%clk 0:00:04]} 34. Rb3 {[%clk 0:00:04]} Ng4+ 0-1

[Event "Team Championship (men blitz)"]
[Site "Sochi"]
[Date "2017.10.05"]
[Round "3.29"]
[White "Goryachkina, Aleksandra"]
[Black "Tekeyev, Zaur"]
[Result "1-0"]
[LiveChessVersion "1.4.8"]
[BlackElo "2413"]
[WhiteElo "2401"]

1. d4 {[%clk 0:03:03]} Nf6 {[%clk 0:03:03]} 2. c4 {[%clk 0:03:04]} g6
{[%clk 0:03:05]} 3. Nc3 {[%clk 0:03:05]} Bg7 {[%clk 0:03:06]} 4. e4
{[%clk 0:03:05]} O-O {[%clk 0:03:06]} 5. h3 {[%clk 0:03:06]} d6 {[%clk 0:03:07]}
6. Be3 {[%clk 0:03:05]} Na6 {[%clk 0:03:08]} 7. Nf3 {[%clk 0:03:06]} c5
{[%clk 0:03:09]} 8. d5 {[%clk 0:03:05]} e6 {[%clk 0:03:10]} 9. Be2
{[%clk 0:03:06]} exd5 {[%clk 0:03:03]} 10. exd5 {[%clk 0:03:07]} Bf5
{[%clk 0:02:50]} 11. Bd3 {[%clk 0:03:02]} Bxd3 {[%clk 0:02:45]} 12. Qxd3
{[%clk 0:03:03]} Re8 {[%clk 0:02:05]} 13. O-O {[%clk 0:03:03]} Nc7
{[%clk 0:02:03]} 14. Rfe1 {[%clk 0:02:59]} Qd7 {[%clk 0:01:53]} 15. Bf4
{[%clk 0:02:59]} a6 {[%clk 0:01:25]} 16. Rxe8+ {[%clk 0:02:55]} Rxe8
{[%clk 0:01:25]} 17. Re1 {[%clk 0:02:54]} b5 {[%clk 0:01:18]} 18. Rxe8+
{[%clk 0:02:50]} Nfxe8 {[%clk 0:01:19]} 19. b3 {[%clk 0:02:47]} b4
{[%clk 0:01:08]} 20. Ne2 {[%clk 0:02:41]} a5 {[%clk 0:01:02]} 21. h4
{[%clk 0:02:19]} Qg4 {[%clk 0:00:54]} 22. g3 {[%clk 0:02:15]} Na8
{[%clk 0:00:46]} 23. Kg2 {[%clk 0:02:14]} Nb6 {[%clk 0:00:47]} 24. Nh2
{[%clk 0:02:10]} Qd7 {[%clk 0:00:47]} 25. h5 {[%clk 0:02:08]} gxh5
{[%clk 0:00:42]} 26. Qe3 {[%clk 0:02:02]} a4 {[%clk 0:00:37]} 27. Bh6
{[%clk 0:02:01]} Kf8 {[%clk 0:00:33]} 28. Bxg7+ {[%clk 0:01:50]} Nxg7
{[%clk 0:00:33]} 29. Qg5 {[%clk 0:01:49]} axb3 {[%clk 0:00:32]} 30. axb3
{[%clk 0:01:50]} Qe7 {[%clk 0:00:30]} 31. Qd2 {[%clk 0:01:33]} Qe4+
{[%clk 0:00:29]} 32. f3 {[%clk 0:01:33]} Qb1 {[%clk 0:00:30]} 33. Qg5
{[%clk 0:01:23]} Qxb3 {[%clk 0:00:09]} 34. Qd8+ {[%clk 0:01:13]} Ne8
{[%clk 0:00:10]} 35. Qxb6 {[%clk 0:01:13]} Qxc4 {[%clk 0:00:11]} 36. Kf2
{[%clk 0:01:12]} b3 {[%clk 0:00:07]} 37. Nf1 {[%clk 0:01:10]} Qxd5
{[%clk 0:00:05]} 38. Ne3 {[%clk 0:01:11]} Qe6 {[%clk 0:00:06]} 39. Nc3
{[%clk 0:01:08]} Nf6 {[%clk 0:00:06]} 40. Qb7 {[%clk 0:00:44]} Kg7
{[%clk 0:00:06]} 41. Ncd5 {[%clk 0:00:41]} Nxd5 {[%clk 0:00:05]} 42. Nxd5
{[%clk 0:00:42]} Qe5 {[%clk 0:00:06]} 43. Ne3 {[%clk 0:00:37]} b2
{[%clk 0:00:06]} 44. f4 {[%clk 0:00:34]} Qd4 {[%clk 0:00:07]} 45. Kf3
{[%clk 0:00:32]} Kg6 {[%clk 0:00:06]} 46. Qb8 {[%clk 0:00:28]} Kh6
{[%clk 0:00:04]} 47. Nf5+ {[%clk 0:00:29]} 1-0

[Event "Team Championship (men blitz)"]
[Site "Sochi"]
[Date "2017.10.05"]
[Round "3.30"]
[White "Nechaev, Oleg"]
[Black "Potapov, Pavel"]
[Result "0-1"]
[LiveChessVersion "1.4.8"]
[BlackElo "2451"]
[WhiteElo "2284"]

1. d4 {[%clk 0:03:01]} f5 {[%clk 0:03:03]} 2. h3 {[%clk 0:03:02]} d5
{[%clk 0:02:59]} 3. c4 {[%clk 0:03:02]} c6 {[%clk 0:02:59]} 4. Nc3
{[%clk 0:03:03]} Nf6 {[%clk 0:02:59]} 5. Nf3 {[%clk 0:03:04]} g6 {[%clk 0:02:58]}
6. Bf4 {[%clk 0:02:59]} Bg7 {[%clk 0:02:51]} 7. e3 {[%clk 0:03:00]} O-O
{[%clk 0:02:50]} 8. Rc1 {[%clk 0:03:01]} e6 {[%clk 0:02:45]} 9. Be2
{[%clk 0:03:00]} b6 {[%clk 0:02:38]} 10. O-O {[%clk 0:03:00]} Bb7
{[%clk 0:02:38]} 11. cxd5 {[%clk 0:02:55]} exd5 {[%clk 0:02:37]} 12. Qb3
{[%clk 0:02:56]} Kh8 {[%clk 0:02:37]} 13. Rfd1 {[%clk 0:02:56]} Nbd7
{[%clk 0:02:36]} 14. Ne5 {[%clk 0:02:57]} Nxe5 {[%clk 0:02:24]} 15. Bxe5
{[%clk 0:02:57]} Ne4 {[%clk 0:02:23]} 16. Bxg7+ {[%clk 0:02:45]} Kxg7
{[%clk 0:02:24]} 17. a4 {[%clk 0:02:24]} Qh4 {[%clk 0:02:03]} 18. Nxe4
{[%clk 0:02:02]} fxe4 {[%clk 0:02:04]} 19. Rf1 {[%clk 0:02:02]} Rf7
{[%clk 0:01:59]} 20. f3 {[%clk 0:01:08]} exf3 {[%clk 0:01:52]} 21. Rxf3
{[%clk 0:01:07]} Rxf3 {[%clk 0:01:44]} 22. Bxf3 {[%clk 0:01:08]} Rf8
{[%clk 0:01:44]} 23. Rf1 {[%clk 0:00:56]} Ba6 {[%clk 0:01:44]} 24. Rf2
{[%clk 0:00:52]} Qg3 {[%clk 0:01:24]} 25. Qc3 {[%clk 0:00:25]} Rf6
{[%clk 0:01:14]} 26. a5 {[%clk 0:00:12]} Bb5 {[%clk 0:01:14]} 27. axb6
{[%clk 0:00:12]} axb6 {[%clk 0:01:15]} 28. Qa3 {[%clk 0:00:14]} Rf7
{[%clk 0:01:14]} 29. b4 {[%clk 0:00:10]} h5 {[%clk 0:01:03]} 30. Qb2
{[%clk 0:00:06]} Kh7 {[%clk 0:00:47]} 31. e4 {[%clk 0:00:07]} dxe4
{[%clk 0:00:41]} 32. Bxe4 {[%clk 0:00:09]} Qe3 {[%clk 0:00:25]} 33. Qc2
{[%clk 0:00:09]} Qe1+ {[%clk 0:00:20]} 34. Kh2 {[%clk 0:00:07]} Qxf2
{[%clk 0:00:19]} 35. Bxg6+ {[%clk 0:00:07]} Kg7 {[%clk 0:00:20]} 0-1

[Event "Team Championship (men blitz)"]
[Site "Sochi"]
[Date "2017.10.05"]
[Round "3.31"]
[White "Belyakov, Bogdan"]
[Black "Rozhko, Dmitry"]
[Result "1-0"]
[LiveChessVersion "1.4.8"]
[BlackElo "2261"]
[WhiteElo "2477"]

1. e4 {[%clk 0:03:03]} e6 {[%clk 0:03:03]} 2. d4 {[%clk 0:03:04]} d5
{[%clk 0:03:05]} 3. Nc3 {[%clk 0:03:05]} dxe4 {[%clk 0:03:06]} 4. Nxe4
{[%clk 0:03:05]} Bd7 {[%clk 0:03:07]} 5. Bd3 {[%clk 0:03:05]} Bc6
{[%clk 0:03:08]} 6. Nf3 {[%clk 0:03:03]} Nd7 {[%clk 0:03:10]} 7. Qe2
{[%clk 0:03:03]} Ngf6 {[%clk 0:03:11]} 8. Neg5 {[%clk 0:03:03]} Bd6
{[%clk 0:03:11]} 9. Ne5 {[%clk 0:03:04]} O-O {[%clk 0:03:03]} 10. Nxc6
{[%clk 0:03:03]} bxc6 {[%clk 0:03:04]} 11. O-O {[%clk 0:02:58]} c5
{[%clk 0:03:04]} 12. c3 {[%clk 0:02:52]} cxd4 {[%clk 0:03:04]} 13. cxd4
{[%clk 0:02:53]} h6 {[%clk 0:02:57]} 14. Ne4 {[%clk 0:02:54]} Nxe4
{[%clk 0:02:44]} 15. Qxe4 {[%clk 0:02:54]} Nf6 {[%clk 0:02:45]} 16. Qh4
{[%clk 0:02:54]} Nd5 {[%clk 0:02:36]} 17. Qe4 {[%clk 0:02:52]} Nf6
{[%clk 0:02:36]} 18. Qf3 {[%clk 0:02:53]} Nd5 {[%clk 0:02:23]} 19. Be4
{[%clk 0:02:53]} c6 {[%clk 0:02:22]} 20. Bd2 {[%clk 0:02:51]} Qh4
{[%clk 0:02:13]} 21. g3 {[%clk 0:02:47]} Qh3 {[%clk 0:02:11]} 22. Rac1
{[%clk 0:02:32]} Rac8 {[%clk 0:02:11]} 23. Rc4 {[%clk 0:02:26]} Nf6
{[%clk 0:01:11]} 24. Qg2 {[%clk 0:02:23]} Qxg2+ {[%clk 0:01:03]} 25. Bxg2
{[%clk 0:02:23]} c5 {[%clk 0:00:51]} 26. Rfc1 {[%clk 0:02:21]} Rfd8
{[%clk 0:00:47]} 27. Be3 {[%clk 0:02:18]} Nd5 {[%clk 0:00:43]} 28. dxc5
{[%clk 0:01:57]} Nxe3 {[%clk 0:00:37]} 29. fxe3 {[%clk 0:01:58]} Bc7
{[%clk 0:00:34]} 30. b4 {[%clk 0:01:55]} Rd2 {[%clk 0:00:33]} 31. R4c2
{[%clk 0:01:54]} Rcd8 {[%clk 0:00:34]} 32. a4 {[%clk 0:01:49]} Rxc2
{[%clk 0:00:31]} 33. Rxc2 {[%clk 0:01:49]} Rd1+ {[%clk 0:00:22]} 34. Kf2
{[%clk 0:01:50]} Ra1 {[%clk 0:00:23]} 35. a5 {[%clk 0:01:48]} Ra4
{[%clk 0:00:24]} 36. Rb2 {[%clk 0:01:42]} Be5 {[%clk 0:00:24]} 37. Rb3
{[%clk 0:01:38]} Kf8 {[%clk 0:00:19]} 38. Bb7 {[%clk 0:01:18]} Ke7
{[%clk 0:00:17]} 39. a6 {[%clk 0:01:19]} Ra2+ {[%clk 0:00:11]} 40. Kf3
{[%clk 0:01:02]} Rb2 {[%clk 0:00:12]} 41. Rxb2 {[%clk 0:00:58]} Bxb2
{[%clk 0:00:14]} 42. b5 {[%clk 0:00:49]} Ba3 {[%clk 0:00:12]} 43. c6
{[%clk 0:00:50]} Kd6 {[%clk 0:00:12]} 44. b6 {[%clk 0:00:49]} axb6
{[%clk 0:00:03]} 45. a7 {[%clk 0:00:50]} Kd5 46. Ke4+ 1-0

[Event "Team Championship (men blitz)"]
[Site "Sochi"]
[Date "2017.10.05"]
[Round "3.32"]
[White "Zaichikov, Andrey"]
[Black "Savitskiy, Sergey"]
[Result "0-1"]
[LiveChessVersion "1.4.8"]
[BlackElo "2327"]
[WhiteElo "1941"]

1. Nf3 Nf6 {[%clk 0:03:03]} 2. g3 {[%clk 0:03:04]} g6 {[%clk 0:03:04]} 3. Bg2
{[%clk 0:03:05]} Bg7 {[%clk 0:03:06]} 4. d3 {[%clk 0:03:06]} O-O {[%clk 0:03:05]}
5. Nc3 {[%clk 0:03:07]} d5 {[%clk 0:03:02]} 6. O-O {[%clk 0:03:06]} c5
{[%clk 0:03:03]} 7. e4 {[%clk 0:02:59]} Nc6 {[%clk 0:02:56]} 8. Bg5
{[%clk 0:02:35]} d4 {[%clk 0:02:44]} 9. Ne2 {[%clk 0:02:32]} h6 {[%clk 0:02:45]}
10. Bd2 {[%clk 0:02:31]} e5 {[%clk 0:02:40]} 11. h3 Ne8 {[%clk 0:02:36]} 12. Ne1
{[%clk 0:02:08]} Kh7 {[%clk 0:02:33]} 13. f4 {[%clk 0:02:01]} exf4
{[%clk 0:02:34]} 14. Nxf4 {[%clk 0:01:54]} Nd6 {[%clk 0:01:58]} 15. g4
{[%clk 0:01:27]} c4 {[%clk 0:01:46]} 16. Nf3 {[%clk 0:01:25]} Qb6
{[%clk 0:01:27]} 17. Rb1 {[%clk 0:01:10]} Be6 {[%clk 0:01:15]} 18. Qe2
{[%clk 0:00:55]} cxd3 {[%clk 0:01:11]} 19. cxd3 {[%clk 0:00:56]} Bxa2
{[%clk 0:01:10]} 20. Nd5 {[%clk 0:00:34]} Bxd5 {[%clk 0:01:09]} 21. exd5
{[%clk 0:00:35]} Rae8 {[%clk 0:01:06]} 22. Qf2 {[%clk 0:00:30]} Nb4
{[%clk 0:01:04]} 23. Qh4 {[%clk 0:00:13]} Nxd3 {[%clk 0:00:59]} 24. Bxh6
{[%clk 0:00:14]} Bxh6 {[%clk 0:01:00]} 25. g5 {[%clk 0:00:15]} Nf5
{[%clk 0:01:01]} 26. Qg4 {[%clk 0:00:12]} Bg7 {[%clk 0:00:58]} 27. Nh4
{[%clk 0:00:09]} Ne3 {[%clk 0:00:50]} 28. Qf3 {[%clk 0:00:05]} Nxf1
{[%clk 0:00:49]} 29. Rxf1 {[%clk 0:00:06]} Ne5 {[%clk 0:00:50]} 30. Qd1
{[%clk 0:00:05]} d3+ 31. Kh1 Qd4 {[%clk 0:00:50]} 32. Nf3 {[%clk 0:00:06]} Nxf3
{[%clk 0:00:50]} 33. Rxf3 {[%clk 0:00:04]} d2 {[%clk 0:00:50]} 34. Rf1
{[%clk 0:00:04]} Re7 {[%clk 0:00:47]} 0-1

[Event "Team Championship (men blitz)"]
[Site "Sochi"]
[Date "2017.10.05"]
[Round "4.1"]
[White "Khismatullin, Denis"]
[Black "Artemiev, Vladislav"]
[Result "0-1"]
[LiveChessVersion "1.4.8"]
[BlackElo "2729"]
[WhiteElo "2660"]

1. Nf3 {[%clk 0:03:03]} d5 {[%clk 0:03:02]} 2. e3 {[%clk 0:03:04]} g6
{[%clk 0:03:02]} 3. c4 {[%clk 0:03:04]} e6 {[%clk 0:03:03]} 4. d4
{[%clk 0:02:53]} Bg7 {[%clk 0:03:04]} 5. b4 {[%clk 0:02:50]} Nf6 {[%clk 0:02:52]}
6. Nc3 {[%clk 0:02:50]} O-O {[%clk 0:02:51]} 7. Bb2 {[%clk 0:02:45]} Nc6
{[%clk 0:02:45]} 8. a3 {[%clk 0:02:44]} Qe7 {[%clk 0:02:36]} 9. Be2
{[%clk 0:02:33]} dxc4 {[%clk 0:02:29]} 10. Bxc4 {[%clk 0:02:28]} e5
{[%clk 0:02:30]} 11. d5 {[%clk 0:02:19]} e4 {[%clk 0:02:29]} 12. dxc6
{[%clk 0:02:13]} exf3 {[%clk 0:02:29]} 13. Qxf3 {[%clk 0:02:10]} Bg4
{[%clk 0:02:29]} 14. Qf4 {[%clk 0:02:07]} bxc6 {[%clk 0:02:27]} 15. O-O
{[%clk 0:02:05]} Rad8 {[%clk 0:02:24]} 16. Na4 {[%clk 0:02:00]} Bf5
{[%clk 0:01:58]} 17. Qe5 {[%clk 0:01:41]} Qxe5 {[%clk 0:01:31]} 18. Bxe5
{[%clk 0:01:41]} Ne4 {[%clk 0:01:31]} 19. Bxg7 {[%clk 0:01:31]} Kxg7
{[%clk 0:01:32]} 20. Rfc1 {[%clk 0:00:58]} Rd2 {[%clk 0:01:31]} 21. f3
{[%clk 0:00:59]} Nd6 {[%clk 0:00:59]} 22. Bf1 {[%clk 0:00:59]} Bd3
{[%clk 0:00:39]} 23. Rd1 {[%clk 0:00:36]} Rxd1 {[%clk 0:00:40]} 24. Rxd1
{[%clk 0:00:37]} Bc2 {[%clk 0:00:41]} 25. Rxd6 {[%clk 0:00:33]} cxd6
{[%clk 0:00:41]} 26. Nc3 {[%clk 0:00:33]} Bb3 {[%clk 0:00:30]} 27. Kf2
{[%clk 0:00:33]} f5 {[%clk 0:00:32]} 28. Ke1 {[%clk 0:00:31]} Kf6
{[%clk 0:00:33]} 29. Kd2 {[%clk 0:00:32]} Ke7 {[%clk 0:00:30]} 30. Ba6
{[%clk 0:00:32]} Rb8 {[%clk 0:00:31]} 31. Ne2 {[%clk 0:00:25]} Rb6
{[%clk 0:00:30]} 32. Bd3 {[%clk 0:00:25]} c5 {[%clk 0:00:30]} 33. Kc3
{[%clk 0:00:26]} Bf7 {[%clk 0:00:16]} 34. b5 {[%clk 0:00:26]} a6 {[%clk 0:00:12]}
35. bxa6 {[%clk 0:00:21]} Rb3+ {[%clk 0:00:11]} 36. Kc2 {[%clk 0:00:18]} c4
{[%clk 0:00:11]} 0-1